Vật tự do

Lịch sử vật tự do; Tổ chức, nội dung các buổi tập; Kỹ thuật; Giảng dạy, giáo dục đô vật; Tổ chức và tiến hành các cuộc thi đấu

Đã lưu trong:
Chi tiết về thư mục
Định dạng: Sách
Ngôn ngữ:Vietnamese
Được phát hành: H. Thể dục thể thao 1981
Những chủ đề:
Các nhãn: Thêm thẻ
Không có thẻ, Là người đầu tiên thẻ bản ghi này!
Thư viện lưu trữ: Mạng thư viện Đại học Đà Nẵng
LEADER 01152nam a2200325 4500
001 000009449
003 5646
005 20111028141008.0
008 111027s1981 viesd
041 0 |a vie 
082 |a 796.812  |b Vât 
245 0 |a Vật tự do 
260 |a H.  |b Thể dục thể thao  |c 1981 
300 |a 95tr.  |c 19 cm 
520 |a Lịch sử vật tự do; Tổ chức, nội dung các buổi tập; Kỹ thuật; Giảng dạy, giáo dục đô vật; Tổ chức và tiến hành các cuộc thi đấu 
653 |a Thể dục thể thao 
653 |a tập luyện 
653 |a kỹ thuật 
653 |a vật tự do 
910 |a Võ Quang Huy  |d 27/10/2011 
OWN |a LSP 
AVA |a UDN50  |b LSP  |d 796.812 Vât  |e unavailable  |t Error 5002 Not defined in file expand_doc_bib_avail.  |f 2  |g 2  |h N  |i 0  |k 1 
999 |a From the UDN01 
AVA |a UDN50  |b LSP  |d 796.812 Vât  |e unavailable  |t Error 5002 Not defined in file expand_doc_bib_avail.  |f 2  |g 2  |h N  |i 0  |k 1 
TYP |a Monograph 
TYP |a Printed language 
980 |a Mạng thư viện Đại học Đà Nẵng